| Registos Bibliográficos associados ao registo de autoridade |
|
Etiqueta de registo: 00523cam 2200205 450 001 426863 003 http://id.bnportugal.gov.pt/bib/catbnp/426863 005 20010130112000.0 095 ## $aPTBN00455871 100 ## $a19911227d1948 km y0pory0103 ba 101 0# $afre 102 ## $aFR 200 1# $a Les peuples et les civilisations de l'Afrique 210 #9 $aParis$cPayot,$d1948 215 ## $a605 p. 700 #1 $aBaumann,$bH.$3492502 701 #1 $aWestermann,$bDiedrich$4070$3336685 702 #1 $aMonod,$bThéodore,$f1902-2000$4080$378860 801 #0 $aPT$bBN$gRPC 966 ## $lBN$mFGMON$sH.G. 18006 V. 997 ## $aBIBEOD 998 ## $aCI346-351
Etiqueta de registo: 00523nam 2200205 450 001 2223348 003 http://id.bnportugal.gov.pt/bib/catbnp/2223348 100 ## $a20250814d1962 m y0pory01030103ba 101 1# $afre 102 ## $aFR 106 ## $ar 200 1# $a Les peuples et les civilisations de l'Afrique ;$a«suivi de Les» langues et l'éducation 210 #9 $aParis$cPayot,$d1962 215 ## $a605 p. 317 ## $aBiblioteca de Elísio Romariz Santos Silva$5PTBN: S.C. 169367 V. 517 1# $a Les langues et l'éducation 675 ## $a316.72(=1:6)(091)$vBN$zpor$31826426 675 ## $a39(=1:6)(091)$vBN$zpor$32000524 700 #1 $aBaumann,$bH.$3492502 701 #1 $aWestermann,$bDiedrich$4070$3336685 702 #1 $aMonod,$bThéodore,$f1902-2000$4080$378860 702 #1 $aHomburger,$bL.$4730$3396016 801 #0 $aPT$bBN$gRPC 966 ## $lBN$mFGMON$pBiblioteca de Arte Africana de Elizio Romariz Santos Silva$sS.C. 169367 V.$x3 971 ## $cisantos$d20250814 973 ## $cigoulao$d20260612 975 ## $e0$d20260625$viquintas
|
|
|